[Event "CZE-ch U18"]
[Site "Karlovy Vary"]
[Date "2004.02.23"]
[Round "7"]
[White "Chalupa, Ivan"]
[Black "Mikuev, Erenzen"]
[Result "0-1"]
[WhiteElo "2149"]
[BlackElo "2246"]
[PlyCount "50"]
[EventDate "2004.02.18"]
[EventType "tourn"]
[EventRounds "11"]
[EventCountry "CZE"]
[SourceTitle "EXT 2005"]
[Source "ChessBase"]
[SourceDate "2004.11.15"]
[SourceVersion "1"]
[SourceVersionDate "2004.11.15"]
[SourceQuality "1"]

1. e4 e6 2. d4 d5 3. Nd2 Nf6 4. e5 Nfd7 5. f4 c5 6. c3 Nc6 7. Ngf3 cxd4 8. cxd4 Qb6 9. Nb3 a5 10. a4 Bb4+ 11. Kf2 f6 12. Be3 0-0 13. Bd3 Be7 14. h4 h6 15. g4 fxe5 16. fxe5 Ndxe5 17. dxe5 d4 18. Bc1 Nxe5 19. Be4 Nxf3 20. Bxf3 Bd7 21. Nd2 Bb4 22. Rf1 Bc6 23. Kg3 Qc7+ 24. Kh3 Qe5 25. Bxc6 Bd6 0-1

[Event "CZE-ch U18"]
[Site "Karlovy Vary"]
[Date "2004.02.22"]
[Round "5"]
[White "Malinovsky, Karel"]
[Black "Mikuev, Erenzen"]
[Result "1/2-1/2"]
[WhiteElo "2257"]
[BlackElo "2246"]
[PlyCount "63"]
[EventDate "2004.02.18"]
[EventType "tourn"]
[EventRounds "11"]
[EventCountry "CZE"]
[SourceTitle "EXT 2005"]
[Source "ChessBase"]
[SourceDate "2004.11.15"]
[SourceVersion "1"]
[SourceVersionDate "2004.11.15"]
[SourceQuality "1"]

1. e4 e6 2. d4 d5 3. Nd2 Nf6 4. e5 Nfd7 5. Bd3 c5 6. c3 Nc6 7. Ne2 cxd4 8. cxd4 f6 9. exf6 Nxf6 10. 0-0 Bd6 11. Nf3 Qc7 12. Bg5 0-0 13. Bh4 g6 14. Bg3 Nh5 15. Bxd6 Qxd6 16. Qd2 Nf4 17. Nxf4 Qxf4 18. Qe3 a6 19. Rfe1 Bd7 20. Rac1 Rac8 21. h3 Qxe3 22. fxe3 Rfe8 23. Bc2 Nb4 24. Bb1 Bb5 25. Ne5 Kg7 26. Rxc8 Rxc8 27. a3 Nc6 28. Rc1 Ne7 29. Rxc8 Nxc8 30. Kf2 Nd6 31. Bc2 a5 32. b4 1/2-1/2

[Event "CZE-ch U18"]
[Site "Karlovy Vary"]
[Date "2004.02.18"]
[Round "1"]
[White "Mikuev, Erenzen"]
[Black "Londyn, Radek"]
[Result "0-1"]
[WhiteElo "2246"]
[BlackElo "2216"]
[PlyCount "120"]
[EventDate "2004.02.18"]
[EventType "tourn"]
[EventRounds "11"]
[EventCountry "CZE"]
[SourceTitle "EXT 2005"]
[Source "ChessBase"]
[SourceDate "2004.11.15"]
[SourceVersion "1"]
[SourceVersionDate "2004.11.15"]
[SourceQuality "1"]

1. e4 c5 2. g3 Nc6 3. Bg2 e6 4. c4 g6 5. Nc3 Bg7 6. d3 d6 7. Be3 Nge7 8. Nge2 Nd4 9. 0-0 0-0 10. Rb1 Rb8 11. a3 b6 12. b4 Bb7 13. b5 d5 14. exd5 exd5 15. Bf4 Ra8 16. Bg5 f6 17. Bf4 Qd7 18. Nxd4 cxd4 19. Nxd5 Nxd5 20. cxd5 Bxd5 21. Bxd5+ Qxd5 22. Qa4 Rf7 23. Rb4 Rd7 24. Rc4 Bf8 25. Rc6 Kf7 26. Re1 g5 27. Bd2 a6 28. Bb4 Qxb5 29. Qxb5 axb5 30. Rxb6 Bxb4 31. axb4 Ra3 32. Ree6 Rxd3 33. Rxf6+ Ke7 34. Rh6 Kd8 35. Rb8+ Kc7 36. Rxb5 Rd1+ 37. Kg2 d3 38. Ra6 Kd8 39. Rb8+ Kc7 40. Ra7+ Kd6 41. Rxd7+ Kxd7 42. Rb5 Kd6 43. Rb8 Kd5 44. Kf3 Kd4 45. Rd8+ Kc3 46. Rc8+ Kd2 47. h4 gxh4 48. gxh4 Rh1 49. Rc4 Rc1 50. Rd4 Kc3 51. Ke4 d2 52. Rd3+ Kc2 53. f4 Rh1 54. b5 Rb1 55. f5 Rxb5 56. Rxd2+ Kxd2 57. f6 h5 58. f7 Rb8 59. Kf5 Ke3 60. Kg5 Ke4 0-1

[Event "Prague Visus op"]
[Site "Prague"]
[Date "2003.08.07"]
[Round "6"]
[White "Tichy, Vladimir"]
[Black "Mikuev, Erenzen"]
[Result "1/2-1/2"]
[WhiteElo "2302"]
[BlackElo "2258"]
[PlyCount "112"]
[EventDate "2003.08.??"]
[EventType "swiss"]
[EventRounds "9"]
[EventCountry "CZE"]
[SourceTitle "EXT 2006"]
[Source "ChessBase"]
[SourceDate "2005.11.24"]
[SourceVersion "1"]
[SourceVersionDate "2005.11.24"]
[SourceQuality "1"]

1. d4 Nf6 2. c4 g6 3. Nc3 d5 4. cxd5 Nxd5 5. g3 Bg7 6. Bg2 Nb6 7. e3 c6 8. Nge2 e5 9. 0-0 exd4 10. Nxd4 0-0 11. a4 Na6 12. a5 Nc4 13. Qa4 Ne5 14. b4 Nd3 15. Rd1 Nxc1 16. Raxc1 Qe7 17. b5 cxb5 18. Nd5 Qe8 19. Qxb5 Qxb5 20. Nxb5 Bg4 21. Ne7+ Kh8 22. Bxb7 Rae8 23. Rd6 Rxe7 24. Bxa6 Be5 25. Rd2 Rb8 26. Nd4 Rc7 27. Rxc7 Bxc7 28. Nc6 Rb1+ 29. Kg2 Rc1 30. Bb7 a6 31. Nd4 Bxa5 32. Ra2 Bb4 33. Rxa6 Rc7 34. Bd5 h5 35. Nc6 Bc3 36. h3 Bc8 37. Ra8 Kg7 38. Nd8 f5 39. f4 Bf6 40. Ne6+ Bxe6 41. Bxe6 Re7 42. Ra6 Bc3 43. Kf3 Bd2 44. Rd6 Bxe3 45. Kxe3 Kf6 46. Kd4 Rxe6 47. Kd5 Rxd6+ 48. Kxd6 Kf7 49. Kd7 Kf6 50. Ke8 g5 51. h4 gxh4 52. gxh4 Ke6 53. Kf8 Kd5 54. Kg7 Ke4 55. Kg6 Kxf4 56. Kxh5 Ke4 1/2-1/2

[Event "CZE-chTJ 0102"]
[Site "Czech Republic"]
[Date "2002.??.??"]
[Round "2"]
[White "Mikuev, Erenzen"]
[Black "Krejcik, Jiri"]
[Result "1/2-1/2"]
[WhiteElo "2274"]
[BlackElo "2113"]
[PlyCount "117"]
[EventDate "2001.??.??"]
[EventType "team"]
[EventRounds "11"]
[EventCountry "CZE"]
[SourceTitle "EXT 2003"]
[Source "ChessBase"]
[SourceDate "2002.11.25"]
[SourceVersion "1"]
[SourceVersionDate "2002.11.25"]
[SourceQuality "1"]
[WhiteTeam "Praha Dukla II"]
[BlackTeam "Sokolov"]
[WhiteTeamCountry "CZE"]
[BlackTeamCountry "CZE"]

1. e4 e5 2. Nf3 Nc6 3. Bb5 a6 4. Bxc6 dxc6 5. 0-0 Bg4 6. h3 h5 7. d3 Qf6 8. Be3 Ne7 9. Nbd2 Ng6 10. hxg4 hxg4 11. Ng5 Nf4 12. Qxg4 Qxg5 13. f3 Nh3+ 14. gxh3 Qxe3+ 15. Rf2 Bc5 16. Qg3 0-0-0 17. Nc4 Qxf2+ 18. Qxf2 Bxf2+ 19. Kxf2 Rxh3 20. Rg1 Rh2+ 21. Ke3 f6 22. Rxg7 Rxc2 23. Rf7 b5 24. Na5 Rh8 25. d4 Rhh2 26. Nb3 c5 27. dxc5 a5 28. Rf8+ Kd7 29. Rf7+ Ke8 30. Rxf6 Ke7 31. Rf5 Ke6 32. Nxa5 Rxc5 33. Nb7 Rcc2 34. Nd8+ Kd7 35. Nf7 Rhe2+ 36. Kd3 c5 37. Nxe5+ Ke6 38. a4 Rcd2+ 39. Kc3 Rc2+ 40. Kd3 Rcd2+ 41. Kc3 Rc2+ 42. Kd3 c4+ 43. Kd4 Red2+ 44. Ke3 Rxb2 45. axb5 c3 46. Nd3 Re2+ 47. Kd4 Rec2 48. Rc5 Rb3 49. f4 Re2 50. Nc1 Rb4+ 51. Kxc3 Rexe4 52. Nd3 Rb1 53. Rh5 Re3 54. Kd4 Rf3 55. Ke4 Rff1 56. b6 Rh1 57. Rg5 Rhg1 58. Rh5 Rh1 59. Rg5 1/2-1/2

[Event "CZE-chT 0102"]
[Site "Czech Republic"]
[Date "2001.10.20"]
[Round "1"]
[White "Mikuev, Erenzen"]
[Black "Theissl Pokorna, Regina"]
[Result "0-1"]
[WhiteElo "2274"]
[BlackElo "2318"]
[PlyCount "132"]
[EventDate "2001.10.20"]
[EventType "team-tourn"]
[EventRounds "11"]
[EventCountry "CZE"]
[SourceTitle "EXT 2019"]
[Source "ChessBase"]
[SourceDate "2018.10.10"]
[SourceVersion "1"]
[SourceVersionDate "2018.10.10"]
[SourceQuality "1"]
[WhiteTeam "Praha Dukla"]
[BlackTeam "Praha Mahrla"]
[WhiteTeamCountry "CZE"]
[BlackTeamCountry "CZE"]

1. e4 e5 2. Nf3 Nc6 3. Nc3 Nf6 4. g3 d5 5. exd5 Nxd5 6. Bg2 Bg4 7. h3 Be6 8. d3 f6 9. 0-0 Qd7 10. Kh2 0-0-0 11. Re1 g5 12. Qe2 h5 13. Bxg5 fxg5 14. Nxe5 Nxe5 15. Qxe5 Rh6 16. Ne4 h4 17. Qxg5 hxg3+ 18. fxg3 Bxh3 19. Qxh6 Bxg2 20. Qh5 Bxe4 21. dxe4 Nf6 22. Qf5 Qxf5 23. exf5 Rd5 24. Kg2 Rxf5 25. Rf1 Rxf1 26. Rxf1 Bg7 27. c4 Ng4 28. Rf4 Ne5 29. b3 Kd7 30. Rd4+ Ke6 31. Kf2 Kf5 32. Ke2 a5 33. Rd5 b6 34. Ke3 c6 35. Rd8 Ng4+ 36. Ke2 Bf6 37. Rd7 Be5 38. Kf3 Nh2+ 39. Ke2 Ng4 40. Kf3 Bf6 41. Rb7 Ne5+ 42. Ke2 Bd8 43. Rb8 Nf7 44. Rc8 c5 45. Rc6 Ne5 46. Rc8 Nf7 47. Rc6 Ke5 48. Rg6 Ng5 49. Kd3 Kf5 50. Rd6 Nf7 51. Rd5+ Ne5+ 52. Ke3 Bg5+ 53. Ke2 Ke6 54. Kd1 a4 55. Kc2 Bf6 56. Rd1 a3 57. Re1 Kd6 58. Rf1 Be7 59. Rd1+ Kc7 60. b4 cxb4 61. Kb3 Nc6 62. Ka4 Bf6 63. Rd5 Bc3 64. Rb5 Bd4 65. Rd5 Bc5 66. g4 Nd4 0-1

[Event "Stulik Memorial"]
[Site "Czech Republic"]
[Date "2001.04.26"]
[Round "3"]
[White "Mikuev, Erenzen"]
[Black "Seleljo, Daniel"]
[Result "0-1"]
[WhiteElo "2242"]
[BlackElo "2272"]
[PlyCount "54"]
[EventDate "2001.04.??"]
[EventType "tourn"]
[EventRounds "11"]
[EventCountry "CZE"]
[SourceTitle "EXT 2002"]
[Source "ChessBase"]
[SourceDate "2001.11.25"]
[SourceVersion "1"]
[SourceVersionDate "2001.11.25"]
[SourceQuality "1"]

1. e4 e5 2. Nf3 d6 3. d4 Nf6 4. Nc3 Nbd7 5. Bc4 Be7 6. 0-0 0-0 7. Re1 c6 8. a4 b6 9. b3 Bb7 10. Ba3 a6 11. Bf1 Re8 12. Qd2 b5 13. Rad1 exd4 14. Nxd4 b4 15. Bxb4 c5 16. Nf5 cxb4 17. e5 Bf8 18. Qg5 g6 19. Nxd6 Bxd6 20. Rxd6 Qa5 21. Nb1 h6 22. Qg3 Nxe5 23. Nd2 Nh5 24. Qh4 Ng7 25. h3 Nf5 26. Qf6 Nxd6 27. Qxd6 Rad8 0-1

[Event "CZE-chTV 0001"]
[Site "Czech Republic"]
[Date "2001.??.??"]
[Round "2"]
[White "Goth, Jiri"]
[Black "Mikuev, Erenzen"]
[Result "1-0"]
[WhiteElo "2120"]
[BlackElo "2225"]
[PlyCount "121"]
[EventDate "2000.??.??"]
[EventType "team"]
[EventRounds "11"]
[EventCountry "CZE"]
[SourceTitle "EXT 2003"]
[Source "ChessBase"]
[SourceDate "2002.11.25"]
[SourceVersion "1"]
[SourceVersionDate "2002.11.25"]
[SourceQuality "1"]

1. e4 e6 2. d4 d5 3. Nd2 Nf6 4. e5 Nfd7 5. Bd3 c5 6. c3 Nc6 7. Ne2 cxd4 8. cxd4 f6 9. exf6 Nxf6 10. Nf3 Bd6 11. 0-0 Qc7 12. Nc3 a6 13. Bg5 0-0 14. Bh4 Bd7 15. Rc1 Bf4 16. Bg3 Be8 17. Ne2 Bd6 18. Ng5 Qd7 19. Nc3 h6 20. Nf3 Bh5 21. Be2 Bxg3 22. hxg3 Qd6 23. a3 Ne4 24. Qd3 Nxc3 25. Rxc3 Bxf3 26. Bxf3 Rad8 27. Re1 e5 28. dxe5 Nxe5 29. Qd4 Nxf3+ 30. gxf3 Rd7 31. Rce3 Qf6 32. Rd1 Qxd4 33. Rxd4 Rc8 34. Red3 Rc2 35. Rd2 Rxd2 36. Rxd2 d4 37. Kf1 Kf7 38. Ke2 Ke6 39. Kd3 Kd5 40. Re2 g5 41. Re4 Rf7 42. Rxd4+ Kc5 43. b4+ Kb5 44. Ke3 Ka4 45. Rd3 Re7+ 46. Kd2 Re5 47. f4 gxf4 48. gxf4 Re6 49. f5 Rf6 50. Rf3 h5 51. Ke2 h4 52. Kf1 Kb5 53. Kg2 Kc4 54. Kh3 Kd5 55. Kxh4 Ke4 56. Kg5 Rf8 57. Re3+ Kd5 58. f6 Rg8+ 59. Kf5 Rg2 60. Rd3+ Kc6 61. f4 1-0

[Event "CZE-chTJ 0102"]
[Site "Czech Republic"]
[Date "2001.??.??"]
[Round "2"]
[White "Mikuev, Erenzen"]
[Black "Meszaros, Ludek"]
[Result "1/2-1/2"]
[WhiteElo "2274"]
[BlackElo "2244"]
[PlyCount "117"]
[EventDate "2001.??.??"]
[EventType "team"]
[EventRounds "11"]
[EventCountry "CZE"]
[SourceTitle "EXT 2003"]
[Source "ChessBase"]
[SourceDate "2002.11.25"]
[SourceVersion "1"]
[SourceVersionDate "2002.11.25"]
[SourceQuality "1"]
[WhiteTeam "Praha Dukla II"]
[BlackTeam "Tabor II"]
[WhiteTeamCountry "CZE"]
[BlackTeamCountry "CZE"]

1. e4 e5 2. Nf3 Nc6 3. Nc3 Nf6 4. g3 d5 5. exd5 Nxd5 6. Bg2 Nxc3 7. bxc3 Bd6 8. 0-0 0-0 9. d3 Bg4 10. h3 Bh5 11. Rb1 Rb8 12. g4 Bg6 13. Ng5 Be7 14. Ne4 f5 15. gxf5 Bxf5 16. Qh5 Bg6 17. Qe2 Kh8 18. Bd2 Qd7 19. Qe3 b6 20. Qg3 Rf7 21. f4 Rbf8 22. fxe5 Rxf1+ 23. Rxf1 Rxf1+ 24. Kxf1 Qf5+ 25. Qf4 Nxe5 26. Qxf5 Bxf5 27. Bf4 Bxe4 28. Bxe4 Bd6 29. Ke2 h6 30. Bc1 Kg8 31. d4 Nd7 32. Kd3 Nf6 33. Bf3 Kf7 34. Kc4 a6 35. Bb7 a5 36. Kb5 Ke7 37. Bd2 Nh5 38. c4 Bf4 39. Bc3 Nf6 40. c5 Nd7 41. Bc6 g5 42. Bxd7 Kxd7 43. cxb6 cxb6 44. Kxb6 h5 45. Be1 Bc7+ 46. Kc5 g4 47. hxg4 hxg4 48. Kb5 g3 49. c4 g2 50. Bf2 Bh2 51. c5 g1Q 52. Bxg1 Bxg1 53. d5 a4 54. c6+ Kd6 55. Kxa4 Bh2 56. Kb5 Kxd5 57. Kb6 Bb8 58. a4 Kd6 59. a5 1/2-1/2

[Event "CZE-chTV 0001"]
[Site "Czech Republic"]
[Date "2001.??.??"]
[Round "2"]
[White "Sir, Zbynek"]
[Black "Mikuev, Erenzen"]
[Result "0-1"]
[WhiteElo "2195"]
[BlackElo "2225"]
[PlyCount "142"]
[EventDate "2000.??.??"]
[EventType "team"]
[EventRounds "11"]
[EventCountry "CZE"]
[SourceTitle "EXT 2003"]
[Source "ChessBase"]
[SourceDate "2002.11.25"]
[SourceVersion "1"]
[SourceVersionDate "2002.11.25"]
[SourceQuality "1"]

1. e4 e6 2. d4 d5 3. exd5 exd5 4. Bf4 Bf5 5. Qe2+ Ne7 6. Nc3 Nbc6 7. 0-0-0 g6 8. g4 Be6 9. Be5 Bh6+ 10. g5 Bxg5+ 11. f4 f6 12. Bxf6 Bxf6 13. Qxe6 Qd6 14. Qxd6 cxd6 15. Nge2 0-0-0 16. Bg2 Rde8 17. Bxd5 Nxd5 18. Nxd5 Rxe2 19. Nxf6 Nb4 20. c3 Re6 21. Ng4 Nd5 22. Rde1 Rxe1+ 23. Rxe1 Rf8 24. Re4 Kd7 25. Kd2 Nxf4 26. Ne3 g5 27. d5 h5 28. Ra4 a6 29. Rb4 Kc7 30. Rc4+ Kb8 31. Re4 Rf6 32. Re7 Ng6 33. Rg7 Ne5 34. Ke2 Ng6 35. Kd2 g4 36. c4 Ne5 37. Ke2 Rf4 38. b3 Nf3 39. c5 dxc5 40. d6 Nd4+ 41. Ke1 Nf3+ 42. Kf2 Ne5+ 43. Kg2 Rf6 44. Rg5 Ng6 45. d7 Nf4+ 46. Kg3 Kc7 47. Nd5+ Nxd5 48. Rxd5 Rf3+ 49. Kg2 Kd8 50. Rxh5 Rc3 51. Rg5 Kxd7 52. Rxg4 Rc2+ 53. Kg3 Rxa2 54. h4 Ra3 55. h5 Rxb3+ 56. Kh4 Rb1 57. h6 Rh1+ 58. Kg5 Ke6 59. Re4+ Kf7 60. Rf4+ Kg8 61. Re4 Rg1+ 62. Kf6 b5 63. Re6 Kh7 64. Kf5 a5 65. Rb6 b4 66. Rb5 a4 67. Rxc5 a3 68. Ra5 b3 69. Ra7+ Kxh6 70. Ra6+ Kh5 71. Rxa3 Rf1+ 0-1

[Event "Schneider Bohemia op-A"]
[Site "Plzen"]
[Date "2000.??.??"]
[Round "?"]
[White "Ceplecha, Tomas"]
[Black "Mikuev, Erenzen"]
[Result "0-1"]
[WhiteElo "2005"]
[BlackElo "2225"]
[PlyCount "108"]
[EventDate "2000.??.??"]
[EventType "swiss"]
[EventRounds "9"]
[EventCountry "CZE"]
[SourceTitle "EXT 2003"]
[Source "ChessBase"]
[SourceDate "2002.11.25"]
[SourceVersion "1"]
[SourceVersionDate "2002.11.25"]
[SourceQuality "1"]

1. c4 c5 2. Nc3 Nc6 3. g3 g6 4. Bg2 Bg7 5. e3 e5 6. Nge2 Nge7 7. 0-0 0-0 8. a3 d6 9. Rb1 a5 10. b3 Rb8 11. Bb2 Bf5 12. e4 Be6 13. d3 Na7 14. f4 b5 15. Nd5 Nac6 16. Qc2 b4 17. a4 f5 18. Rf2 Qd7 19. Rbf1 Rf7 20. Qd2 Rbf8 21. Nb6 Qd8 22. Nd5 Nd4 23. Nxd4 cxd4 24. Nxe7+ Qxe7 25. fxe5 dxe5 26. Bc1 f4 27. Qe2 Qd6 28. Bh1 g5 29. g4 Rf6 30. Bf3 Rh6 31. Kg2 Rh4 32. h3 Qd7 33. Rh1 h5 34. Bd2 Kf7 35. Kg1 Rxh3 36. Rxh3 hxg4 37. Rh7 gxf3 38. Qxf3 g4 39. Qh1 g3 40. Rf1 Kg8 41. Kg2 Qf7 42. Qh5 Qxh5 43. Rxh5 Bg4 44. Rhh1 Be2 45. Rf3 Rf6 46. Bc1 Rg6 47. Bd2 Bf8 48. Bc1 Bxf3+ 49. Kxf3 g2 50. Rg1 Rg3+ 51. Ke2 f3+ 52. Kf2 Rh3 53. Bg5 Kf7 54. Bd2 Be7 0-1

[Event "Schneider Bohemia op-A"]
[Site "Plzen"]
[Date "2000.??.??"]
[Round "?"]
[White "Gross, Stefan"]
[Black "Mikuev, Erenzen"]
[Result "1-0"]
[WhiteElo "2355"]
[BlackElo "2225"]
[PlyCount "129"]
[EventDate "2000.??.??"]
[EventType "swiss"]
[EventRounds "9"]
[EventCountry "CZE"]
[SourceTitle "EXT 2003"]
[Source "ChessBase"]
[SourceDate "2002.11.25"]
[SourceVersion "1"]
[SourceVersionDate "2002.11.25"]
[SourceQuality "1"]

1. c4 c5 2. Nf3 Nc6 3. Nc3 e5 4. g3 g6 5. Bg2 Bg7 6. 0-0 Nge7 7. Ne1 0-0 8. Nc2 Rb8 9. Rb1 a5 10. a3 d6 11. b4 axb4 12. axb4 cxb4 13. Nxb4 Nxb4 14. Rxb4 Be6 15. d3 d5 16. cxd5 Nxd5 17. Nxd5 Bxd5 18. Rb5 Bxg2 19. Kxg2 Qd7 20. Qb3 Qc6+ 21. Kg1 Rfc8 22. Ba3 Qc2 23. Bd6 Ra8 24. Rxb7 Qxb3 25. Rxb3 h5 26. Rfb1 Rc2 27. Rb8+ Rxb8 28. Rxb8+ Kh7 29. Kf1 Rc6 30. Ba3 Re6 31. Rb7 Kg8 32. Bb2 Bf6 33. h3 Kg7 34. Rb4 Rd6 35. Kg2 Rd5 36. Kf3 Rc5 37. Kg2 Rd5 38. Kf1 Be7 39. Rb7 Bd6 40. Rb6 Bc7 41. Rc6 Rb5 42. Ba3 Bb8 43. g4 hxg4 44. hxg4 f5 45. g5 Rb7 46. Kg2 Ba7 47. Bd6 Bb8 48. Ba3 Kf7 49. Bc1 Bc7 50. f4 exf4 51. Kf3 Be5 52. Bxf4 Bxf4 53. Kxf4 Re7 54. e3 Rd7 55. d4 Re7 56. d5 Re4+ 57. Kf3 Re5 58. Rf6+ Kg7 59. d6 Rd5 60. Ke2 Kh7 61. Kf2 Kg7 62. Kf3 Rd3 63. Kf4 Rd5 64. e4 Rd4 65. Ke5 1-0

[Event "Schneider Bohemia op-A"]
[Site "Plzen"]
[Date "2000.??.??"]
[Round "?"]
[White "Lechtynsky, Jiri"]
[Black "Mikuev, Erenzen"]
[Result "1/2-1/2"]
[WhiteElo "2405"]
[BlackElo "2225"]
[PlyCount "40"]
[EventDate "2000.??.??"]
[EventType "swiss"]
[EventRounds "9"]
[EventCountry "CZE"]
[SourceTitle "EXT 2003"]
[Source "ChessBase"]
[SourceDate "2002.11.25"]
[SourceVersion "1"]
[SourceVersionDate "2002.11.25"]
[SourceQuality "1"]

1. Nf3 c5 2. c4 Nc6 3. Nc3 e5 4. e3 Nf6 5. d4 cxd4 6. exd4 e4 7. Nd2 Bb4 8. a3 Bxc3 9. bxc3 0-0 10. Be2 d5 11. Nf1 dxc4 12. Bxc4 Na5 13. Ba2 b6 14. Bg5 Be6 15. d5 Bxd5 16. Bxf6 Qxf6 17. Bxd5 Qxc3+ 18. Ke2 Qb2+ 19. Ke1 Qc3+ 20. Ke2 Qb2+ 1/2-1/2

[Event "Schneider Bohemia op-A"]
[Site "Plzen"]
[Date "2000.??.??"]
[Round "?"]
[White "Mikuev, Erenzen"]
[Black "Dolezal, Radoslav"]
[Result "1/2-1/2"]
[WhiteElo "2225"]
[BlackElo "2355"]
[PlyCount "86"]
[EventDate "2000.??.??"]
[EventType "swiss"]
[EventRounds "9"]
[EventCountry "CZE"]
[SourceTitle "EXT 2003"]
[Source "ChessBase"]
[SourceDate "2002.11.25"]
[SourceVersion "1"]
[SourceVersionDate "2002.11.25"]
[SourceQuality "1"]

1. e4 e5 2. Nf3 Nc6 3. Bb5 a6 4. Bxc6 dxc6 5. 0-0 f6 6. d4 exd4 7. Nxd4 c5 8. Nb3 Qxd1 9. Rxd1 Bd6 10. Na5 b6 11. Nc4 Be7 12. Bf4 Be6 13. Ne3 Bd8 14. Nc3 Ne7 15. Rd2 Ng6 16. Bg3 Ne5 17. Ncd5 Rc8 18. Rad1 0-0 19. h3 Re8 20. b3 Kf8 21. f3 Bf7 22. Nf5 Be6 23. Kf2 Nc6 24. c3 Ne5 25. Nfe3 Bf7 26. Bh2 c6 27. Nf4 g6 28. Nd3 Bc7 29. Nxe5 fxe5 30. Bg3 h5 31. Bh4 b5 32. c4 Be6 33. Rc2 Bb8 34. Ke2 Kf7 35. Bg5 Rh8 36. h4 Rhe8 37. Rcd2 Kg7 38. Rd8 Rexd8 39. Rxd8 Rxd8 40. Bxd8 Bd6 41. Bg5 Kf7 42. g3 Bf8 43. Kd3 Bd6 1/2-1/2

[Event "Schneider Bohemia op-A"]
[Site "Plzen"]
[Date "2000.??.??"]
[Round "?"]
[White "Mikuev, Erenzen"]
[Black "Houska, Bronislav"]
[Result "1-0"]
[WhiteElo "2225"]
[BlackElo "1960"]
[PlyCount "61"]
[EventDate "2000.??.??"]
[EventType "swiss"]
[EventRounds "9"]
[EventCountry "CZE"]
[SourceTitle "EXT 2003"]
[Source "ChessBase"]
[SourceDate "2002.11.25"]
[SourceVersion "1"]
[SourceVersionDate "2002.11.25"]
[SourceQuality "1"]

1. e4 d6 2. Nf3 Nf6 3. Nc3 g6 4. Bc4 Bg7 5. d3 0-0 6. h3 c6 7. 0-0 b5 8. Bb3 a5 9. a3 Qc7 10. d4 Ba6 11. Re1 Nfd7 12. Bg5 Re8 13. Qd2 e5 14. Rad1 exd4 15. Nxd4 b4 16. axb4 axb4 17. Nb1 c5 18. Nf3 c4 19. Ba4 Bb7 20. Qxb4 Bxe4 21. Na3 Na6 22. Qxd6 Bxf3 23. Rxe8+ Rxe8 24. Qxc7 Nxc7 25. gxf3 Re5 26. f4 Rxg5+ 27. fxg5 Nb6 28. Rd8+ Bf8 29. Bb5 Kg7 30. Nxc4 Be7 31. Rb8 1-0

[Event "Czech-ch U16"]
[Site "Frymburk"]
[Date "2000.??.??"]
[Round "5"]
[White "Mikuev, Erenzen"]
[Black "Kiss, Jiri"]
[Result "0-1"]
[WhiteElo "2225"]
[BlackElo "1660"]
[PlyCount "72"]
[EventDate "2000.01.??"]
[EventType "swiss"]
[EventRounds "9"]
[EventCountry "CZE"]
[SourceTitle "EXT 2002"]
[Source "ChessBase"]
[SourceDate "2001.11.25"]
[SourceVersion "1"]
[SourceVersionDate "2001.11.25"]
[SourceQuality "1"]

1. e4 c6 2. c4 e5 3. Nf3 d6 4. d4 Bg4 5. dxe5 Bxf3 6. gxf3 dxe5 7. Qxd8+ Kxd8 8. Bh3 Kc7 9. Ke2 Bd6 10. Rg1 g6 11. b3 Nf6 12. Bb2 Nh5 13. Kd2 Nf4 14. Bf1 Nd7 15. Kc2 Bc5 16. Bd3 Bxf2 17. Rd1 f6 18. Nc3 Nc5 19. Bf1 Rhd8 20. Ne2 Nxe2 21. Bxe2 Ne6 22. Rac1 Bd4 23. Ba3 Be3 24. Rxd8 Rxd8 25. Rd1 Nd4+ 26. Kd3 Bf4 27. Be7 Rd7 28. Bxf6 Nxf3+ 29. Kc3 Rxd1 30. Bxd1 Nxh2 31. Be2 h5 32. Bh4 Ng4 33. Bxg4 hxg4 34. Kd3 g3 35. Be7 g2 36. Bc5 Bh2 0-1

[Event "CZE-chTV 0001"]
[Site "Czech Republic"]
[Date "2000.??.??"]
[Round "2"]
[White "Taborsky, Rostislav"]
[Black "Mikuev, Erenzen"]
[Result "0-1"]
[WhiteElo "2225"]
[BlackElo "2225"]
[PlyCount "118"]
[EventDate "2000.??.??"]
[EventType "team"]
[EventRounds "11"]
[EventCountry "CZE"]
[SourceTitle "EXT 2002"]
[Source "ChessBase"]
[SourceDate "2001.11.25"]
[SourceVersion "1"]
[SourceVersionDate "2001.11.25"]
[SourceQuality "1"]

1. e4 e6 2. d3 c5 3. Nf3 Nc6 4. g3 g6 5. Bg2 Bg7 6. 0-0 Nge7 7. Re1 d6 8. c3 0-0 9. d4 cxd4 10. cxd4 Qb6 11. d5 Nd4 12. Nc3 Nxf3+ 13. Bxf3 Bd4 14. Qe2 exd5 15. Bg5 f6 16. Bh6 Re8 17. Qd2 Be5 18. Bd1 dxe4 19. Bb3+ Kh8 20. Nxe4 Bf5 21. Nc3 Qb4 22. Bf7 Red8 23. a3 Qc5 24. Be3 Qc7 25. Rac1 d5 26. f4 Bxc3 27. Rxc3 Qd7 28. Bd4 Kg7 29. Be6 Bxe6 30. Rce3 Kf7 31. Rxe6 Qxe6 32. Rxe6 Kxe6 33. Qe3+ Kf7 34. Bxa7 Nc6 35. Bb6 Rd7 36. Qb3 Kg7 37. Qd3 d4 38. b4 Re8 39. b5 Ne7 40. g4 Nc8 41. Bc5 Rd5 42. Qc4 Red8 43. Bb4 d3 44. Bd2 Ne7 45. a4 Kf7 46. Kf2 R8d6 47. Bb4 d2 48. Bxd2 Re6 49. Bb4 Rd7 50. a5 Nd5 51. a6 bxa6 52. bxa6 Ne3 53. Qc8 Nxg4+ 54. Kg3 Rd3+ 55. Kxg4 h5+ 56. Kh4 Ree3 57. Qf8+ Ke6 58. Qe7+ Kf5 59. Qxe3 Rxe3 0-1

[Event "Artek ol U16"]
[Site "Artek"]
[Date "1999.09.10"]
[Round "1"]
[White "Mikuev, Erenzen"]
[Black "Jobava, Baadur"]
[Result "0-1"]
[WhiteElo "2225"]
[BlackElo "2330"]
[PlyCount "70"]
[EventDate "1999.09.09"]
[EventType "team"]
[EventRounds "9"]
[EventCountry "UKR"]
[SourceTitle "EXT 2000"]
[Source "ChessBase"]
[SourceDate "1999.11.16"]
[SourceVersion "1"]
[SourceVersionDate "1999.11.16"]
[SourceQuality "1"]

1. e4 c5 2. Nf3 d6 3. d4 cxd4 4. Nxd4 Nf6 5. Nc3 a6 6. Be3 Ng4 7. Bg5 h6 8. Bh4 g5 9. Bg3 Bg7 10. Bc4 Qa5 11. Bb3 Nc6 12. Nde2 Be6 13. Qd2 h5 14. f3 Bxb3 15. cxb3 h4 16. Bxd6 Rd8 17. b4 Nxb4 18. Bxb4 Qxb4 19. Qxg5 Qxb2 20. Qc1 Qxc1+ 21. Rxc1 Ne5 22. 0-0 e6 23. Rb1 b5 24. a4 bxa4 25. Rb6 h3 26. Rxa6 hxg2 27. Kxg2 Nc4 28. Rb1 a3 29. Rb7 Be5 30. h3 Rg8+ 31. Kf2 Bf6 32. Kf1 Nd2+ 33. Ke1 Bh4+ 34. Kd1 Nxe4+ 35. Kc2 Nc5 0-1

[Event "Elista-2"]
[Site "Elista"]
[Date "1999.??.??"]
[Round "5"]
[White "Erendzhenov, Stanislav"]
[Black "Mikuev, Erenzen"]
[Result "1/2-1/2"]
[WhiteElo "2307"]
[BlackElo "2165"]
[PlyCount "57"]
[EventDate "1999.??.??"]
[EventType "tourn"]
[EventRounds "5"]
[EventCountry "RUS"]
[SourceTitle "EXT 2000"]
[Source "ChessBase"]
[SourceDate "1999.11.16"]
[SourceVersion "1"]
[SourceVersionDate "1999.11.16"]
[SourceQuality "1"]

1. c4 Nf6 2. Nf3 c5 3. g3 d5 4. cxd5 Nxd5 5. Bg2 Nc6 6. d4 Nf6 7. dxc5 Qxd1+ 8. Kxd1 e5 9. Ne1 Ng4 10. Nd3 Bf5 11. h3 Bxd3 12. hxg4 Bxb1 13. Bxc6+ bxc6 14. Rxb1 Rd8+ 15. Kc2 Bxc5 16. e3 0-0 17. Bd2 f5 18. gxf5 Rxf5 19. Rh2 e4 20. Be1 Be7 21. Rd1 Rxd1 22. Kxd1 Bf6 23. Kc2 Rc5+ 24. Bc3 h5 25. Kb3 Kf7 26. Bd4 Rb5+ 27. Kc3 Rc5+ 28. Kb3 Rb5+ 29. Kc3 1/2-1/2